[Event "2012"]
[Site "Pyhajarve"]
[Date "2012.11.23"]
[Round "1.1"]
[White "VOLODIN, Aleksandr"]
[Black "SHORT, Nigel"]
[Result "0-1"]
[LiveChessVersion "1.3.1"]
[BlackElo "2702"]
[WhiteElo "2446"]

1. d4 {[%clk 0:09:56]} e6 {[%clk 0:09:59]} 2. c4 {[%clk 0:09:54]} b6
{[%clk 0:09:57]} 3. Nf3 {[%clk 0:09:52]} Bb7 {[%clk 0:09:56]} 4. a3
{[%clk 0:09:51]} g6 {[%clk 0:09:33]} 5. Nc3 {[%clk 0:09:20]} Bg7 {[%clk 0:09:32]}
6. e4 {[%clk 0:09:10]} Ne7 {[%clk 0:09:28]} 7. Be2 {[%clk 0:08:38]} d5
{[%clk 0:09:13]} 8. cxd5 {[%clk 0:08:29]} exd5 {[%clk 0:09:11]} 9. e5
{[%clk 0:08:29]} c5 {[%clk 0:09:09]} 10. Bg5 {[%clk 0:08:01]} Nbc6
{[%clk 0:08:30]} 11. Nb5 {[%clk 0:04:56]} O-O {[%clk 0:08:27]} 12. Nd6
{[%clk 0:04:55]} Qd7 {[%clk 0:07:58]} 13. O-O {[%clk 0:04:45]} cxd4
{[%clk 0:07:34]} 14. Re1 {[%clk 0:04:20]} Nxe5 {[%clk 0:07:02]} 15. Nxb7
{[%clk 0:04:19]} Qxb7 {[%clk 0:06:59]} 16. Nxd4 {[%clk 0:04:00]} N7c6
{[%clk 0:06:16]} 17. Nxc6 {[%clk 0:03:58]} Qxc6 {[%clk 0:06:14]} 18. Rc1
{[%clk 0:03:57]} Qd7 {[%clk 0:06:13]} 19. f4 {[%clk 0:03:41]} h6 {[%clk 0:05:13]}
20. Bh4 {[%clk 0:03:40]} g5 {[%clk 0:05:12]} 21. fxe5 {[%clk 0:03:34]} gxh4
{[%clk 0:05:09]} 22. Bg4 {[%clk 0:03:32]} Qe7 {[%clk 0:04:57]} 23. Qxd5
{[%clk 0:03:29]} Rad8 {[%clk 0:04:56]} 24. Qe4 {[%clk 0:03:26]} Rd2
{[%clk 0:04:42]} 25. b4 {[%clk 0:03:12]} Rfd8 {[%clk 0:04:23]} 26. Rc8
{[%clk 0:03:07]} Rxc8 {[%clk 0:04:10]} 27. Bxc8 {[%clk 0:03:05]} a5
{[%clk 0:04:09]} 28. bxa5 {[%clk 0:03:01]} Qc5+ {[%clk 0:03:37]} 29. Qe3
{[%clk 0:03:01]} Qxe3+ {[%clk 0:03:36]} 30. Rxe3 {[%clk 0:03:00]} bxa5
{[%clk 0:03:35]} 31. Kf1 {[%clk 0:02:48]} Kf8 {[%clk 0:03:29]} 32. e6
{[%clk 0:02:36]} Bf6 {[%clk 0:03:24]} 33. Ba6 {[%clk 0:02:25]} fxe6
{[%clk 0:03:08]} 34. Rxe6 {[%clk 0:02:24]} Kg7 {[%clk 0:03:06]} 35. Re4
{[%clk 0:02:13]} Ra2 {[%clk 0:02:57]} 36. a4 {[%clk 0:02:11]} Rb2
{[%clk 0:02:53]} 37. Bb5 {[%clk 0:02:08]} Bg5 {[%clk 0:02:48]} 38. Rc4
{[%clk 0:01:56]} Kf6 {[%clk 0:02:34]} 39. Bc6 {[%clk 0:01:43]} Ke5
{[%clk 0:02:31]} 40. Bf3 {[%clk 0:01:37]} Bf4 {[%clk 0:02:18]} 41. Rc5+
{[%clk 0:01:34]} Kd4 {[%clk 0:02:17]} 42. Rxa5 {[%clk 0:01:21]} Bxh2
{[%clk 0:02:13]} 43. Rb5 {[%clk 0:01:20]} Ra2 {[%clk 0:02:11]} 44. Rb4+
{[%clk 0:01:18]} Ke3 {[%clk 0:02:08]} 45. Rb3+ {[%clk 0:01:05]} Kd4
{[%clk 0:02:05]} 46. Rb4+ {[%clk 0:00:45]} Kd3 {[%clk 0:02:03]} 47. Rb3+
{[%clk 0:00:35]} Kd2 {[%clk 0:02:01]} 48. Bd5 {[%clk 0:00:23]} Rxa4
{[%clk 0:01:53]} 49. Kf2 {[%clk 0:00:23]} Bg3+ {[%clk 0:01:51]} 50. Kf3
{[%clk 0:00:16]} Rf4# {[%clk 0:01:45]} 0-1

[Event "2012"]
[Site "Pyhajarve"]
[Date "2012.11.23"]
[Round "1.3"]
[White "SEPP, Olav"]
[Black "MIEZIS, Normunds"]
[Result "0-1"]
[LiveChessVersion "1.3.1"]
[BlackElo "2512"]
[WhiteElo "2446"]

1. Nf3 {[%clk 0:11:57]} c5 {[%clk 0:07:58]} 2. c4 {[%clk 0:11:56]} Nc6
{[%clk 0:07:51]} 3. Nc3 {[%clk 0:11:56]} e5 {[%clk 0:07:45]} 4. g3
{[%clk 0:11:53]} g6 {[%clk 0:07:42]} 5. Bg2 {[%clk 0:11:52]} Bg7 {[%clk 0:07:39]}
6. O-O {[%clk 0:11:50]} Nge7 {[%clk 0:07:36]} 7. a3 {[%clk 0:11:43]} O-O
{[%clk 0:07:25]} 8. Rb1 {[%clk 0:11:36]} a5 {[%clk 0:07:22]} 9. Ne1
{[%clk 0:11:29]} d6 {[%clk 0:07:16]} 10. Nc2 {[%clk 0:11:28]} a4 {[%clk 0:07:04]}
11. Ne3 {[%clk 0:11:25]} Nd4 {[%clk 0:07:00]} 12. Re1 {[%clk 0:10:06]} Qd7
{[%clk 0:06:27]} 13. Ned5 {[%clk 0:10:03]} Nxd5 {[%clk 0:06:20]} 14. Nxd5
{[%clk 0:10:02]} Qd8 {[%clk 0:05:58]} 15. d3 {[%clk 0:09:25]} Bd7
{[%clk 0:05:52]} 16. Bd2 {[%clk 0:09:08]} Rb8 {[%clk 0:05:24]} 17. Nc3
{[%clk 0:08:56]} Nb3 {[%clk 0:05:20]} 18. e3 {[%clk 0:07:32]} f5 {[%clk 0:05:10]}
19. Nd5 {[%clk 0:07:03]} b5 {[%clk 0:04:39]} 20. cxb5 {[%clk 0:06:57]} Bxb5
{[%clk 0:04:34]} 21. Qc2 {[%clk 0:06:55]} Kh8 {[%clk 0:04:29]} 22. Bc3
{[%clk 0:06:43]} g5 {[%clk 0:04:21]} 23. f4 {[%clk 0:06:36]} Rc8 {[%clk 0:04:03]}
24. Rbd1 {[%clk 0:06:33]} gxf4 {[%clk 0:03:40]} 25. gxf4 {[%clk 0:06:33]} Bc6
{[%clk 0:03:29]} 26. Rf1 {[%clk 0:06:00]} Rf7 {[%clk 0:03:24]} 27. Rf2
{[%clk 0:05:49]} Rb8 {[%clk 0:02:46]} 28. Rdf1 {[%clk 0:05:42]} Qd7
{[%clk 0:02:44]} 29. Qe2 {[%clk 0:05:02]} Qb7 {[%clk 0:02:39]} 30. e4
{[%clk 0:05:00]} Bxd5 {[%clk 0:02:31]} 31. exd5 {[%clk 0:04:58]} exf4
{[%clk 0:02:24]} 32. Rxf4 {[%clk 0:04:51]} Nd4 {[%clk 0:02:18]} 33. Qh5
{[%clk 0:04:48]} Rbf8 {[%clk 0:02:13]} 34. Kh1 {[%clk 0:04:34]} Qe7
{[%clk 0:01:56]} 35. Rh4 {[%clk 0:04:07]} Be5 36. Bh3 {[%clk 0:03:47]} f4
{[%clk 0:01:52]} 37. Re1 {[%clk 0:02:56]} f3 {[%clk 0:01:41]} 38. Bxd4
{[%clk 0:02:48]} cxd4 {[%clk 0:01:36]} 39. Be6 {[%clk 0:02:43]} f2
{[%clk 0:01:28]} 40. Rf1 {[%clk 0:02:42]} Rg7 {[%clk 0:01:26]} 41. Rg4
{[%clk 0:02:36]} Qf6 {[%clk 0:01:22]} 42. Rxg7 {[%clk 0:02:28]} Kxg7
{[%clk 0:01:19]} 43. Qg4+ {[%clk 0:02:17]} Kh8 {[%clk 0:01:17]} 44. Kg2
{[%clk 0:02:15]} h6 {[%clk 0:01:07]} 45. h4 {[%clk 0:02:06]} Kh7 {[%clk 0:01:06]}
46. h5 {[%clk 0:02:06]} Kh8 {[%clk 0:01:05]} 47. Qh3 {[%clk 0:01:32]} Qf4
{[%clk 0:01:03]} 48. Kh1 {[%clk 0:01:20]} Rf6 {[%clk 0:01:01]} 49. Qg2
{[%clk 0:01:15]} Qh4+ 50. Qh3 Qf4 {[%clk 0:00:55]} 51. Qg2 {[%clk 0:01:14]} Rf8
{[%clk 0:00:54]} 52. Qh3 {[%clk 0:01:13]} Qe3 {[%clk 0:00:47]} 53. Qg2 Qxd3
{[%clk 0:00:43]} 54. Rxf2 {[%clk 0:01:07]} Qd1+ {[%clk 0:00:42]} 55. Qg1
{[%clk 0:01:06]} Qxh5+ {[%clk 0:00:41]} 56. Kg2 {[%clk 0:01:04]} Qg4+
{[%clk 0:00:39]} 57. Bxg4 Rg8 {[%clk 0:00:36]} 58. Kh3 {[%clk 0:01:02]} h5
{[%clk 0:00:35]} 59. Bxh5 {[%clk 0:00:57]} Rxg1 {[%clk 0:00:34]} 60. Rf7
{[%clk 0:00:56]} Rg3+ {[%clk 0:00:33]} 61. Kh4 {[%clk 0:00:56]} Rg2
{[%clk 0:00:32]} 62. Bg4 {[%clk 0:00:54]} Rxb2 {[%clk 0:00:29]} 63. Bf5
{[%clk 0:00:51]} Rg2 {[%clk 0:00:27]} 64. Rh7+ {[%clk 0:00:48]} Kg8 65. Rd7 Kf8
{[%clk 0:00:25]} 66. Rh7 {[%clk 0:00:47]} Rg1 {[%clk 0:00:23]} 67. Rd7
{[%clk 0:00:46]} Rd1 {[%clk 0:00:21]} 68. Kg4 {[%clk 0:00:45]} d3
{[%clk 0:00:20]} 69. Kf3 {[%clk 0:00:43]} Rf1+ {[%clk 0:00:19]} 70. Ke4
{[%clk 0:00:40]} d2 {[%clk 0:00:18]} 71. Bg4 {[%clk 0:00:40]} Rf4+
{[%clk 0:00:14]} 72. Ke3 {[%clk 0:00:38]} Rxg4 {[%clk 0:00:13]} 73. Kxd2
{[%clk 0:00:38]} Rd4+ 74. Kc2 Rc4+ {[%clk 0:00:11]} 75. Kd2 {[%clk 0:00:37]} Rc3
{[%clk 0:00:10]} 76. Ra7 {[%clk 0:00:34]} Rxa3 77. Ra8+ Ke7 {[%clk 0:00:08]} 78.
Ra7+ {[%clk 0:00:33]} 0-1

[Event "2012"]
[Site "Pyhajarve"]
[Date "2012.11.23"]
[Round "1.4"]
[White "KULAOTS, Kaido"]
[Black "KANEP, Meelis"]
[Result "1/2-1/2"]
[LiveChessVersion "1.3.1"]
[BlackElo "2508"]
[WhiteElo "2537"]

1. Nf3 {[%clk 0:09:58]} Nf6 {[%clk 0:09:57]} 2. g3 {[%clk 0:09:51]} g6
{[%clk 0:09:55]} 3. Bg2 {[%clk 0:09:49]} d5 {[%clk 0:09:48]} 4. O-O
{[%clk 0:09:45]} Bg7 {[%clk 0:09:44]} 5. d4 {[%clk 0:09:41]} O-O {[%clk 0:09:32]}
6. c4 {[%clk 0:09:37]} dxc4 {[%clk 0:09:30]} 7. Na3 {[%clk 0:09:24]} c3
{[%clk 0:09:21]} 8. bxc3 {[%clk 0:09:21]} c5 {[%clk 0:08:05]} 9. Ne5
{[%clk 0:09:14]} Nbd7 {[%clk 0:07:39]} 10. Nac4 {[%clk 0:08:49]} Nxe5
{[%clk 0:07:13]} 11. Nxe5 {[%clk 0:08:22]} Qa5 {[%clk 0:06:49]} 1/2-1/2

[Event "2012"]
[Site "Pyhajarve"]
[Date "2012.11.23"]
[Round "1.5"]
[White "SMITH, Axel"]
[Black "KELDER, Hendrek"]
[Result "1/2-1/2"]
[LiveChessVersion "1.3.1"]
[BlackElo "2065"]
[WhiteElo "2490"]

1. d4 {[%clk 0:03:59]} f5 {[%clk 0:15:55]} 2. Nf3 {[%clk 0:03:58]} Nf6
{[%clk 0:15:54]} 3. g3 {[%clk 0:03:57]} d5 {[%clk 0:15:46]} 4. Bg2
{[%clk 0:03:56]} e6 {[%clk 0:15:44]} 5. O-O {[%clk 0:03:52]} Be7 {[%clk 0:15:43]}
6. b3 {[%clk 0:03:48]} O-O {[%clk 0:15:41]} 7. Ba3 {[%clk 0:03:43]} Bd7
{[%clk 0:15:21]} 8. Bxe7 {[%clk 0:03:33]} Qxe7 {[%clk 0:15:19]} 9. c4
{[%clk 0:03:32]} c6 {[%clk 0:15:12]} 10. Ne5 {[%clk 0:03:29]} Be8
{[%clk 0:14:57]} 11. Nd2 {[%clk 0:03:24]} Nbd7 {[%clk 0:14:56]} 12. Nd3
{[%clk 0:03:19]} Bh5 {[%clk 0:14:51]} 13. Nf3 {[%clk 0:03:06]} Ne4
{[%clk 0:14:41]} 14. Qc2 {[%clk 0:03:02]} Rac8 {[%clk 0:14:28]} 15. e3
{[%clk 0:02:58]} b5 {[%clk 0:13:55]} 16. Rac1 {[%clk 0:02:52]} bxc4
{[%clk 0:13:50]} 17. bxc4 {[%clk 0:02:51]} Nb6 {[%clk 0:13:48]} 18. Nfe5
{[%clk 0:02:47]} g5 {[%clk 0:12:33]} 19. Rfe1 {[%clk 0:02:45]} Kh8
{[%clk 0:12:21]} 20. Qb2 {[%clk 0:02:42]} Qg7 {[%clk 0:12:00]} 21. cxd5
{[%clk 0:02:41]} cxd5 {[%clk 0:11:50]} 22. Rxc8 {[%clk 0:02:34]} Rxc8
{[%clk 0:11:48]} 23. Rc1 {[%clk 0:02:33]} Qb7 {[%clk 0:10:36]} 24. Nc5
{[%clk 0:02:32]} Qe7 {[%clk 0:10:04]} 25. Qb5 {[%clk 0:02:18]} Be8
{[%clk 0:09:28]} 26. Qb1 {[%clk 0:02:14]} Nxc5 {[%clk 0:09:15]} 27. dxc5
{[%clk 0:02:13]} Rxc5 {[%clk 0:09:13]} 28. Nd3 {[%clk 0:01:55]} Rxc1+
{[%clk 0:08:55]} 1/2-1/2

[Event "2012"]
[Site "Pyhajarve"]
[Date "2012.11.23"]
[Round "1.6"]
[White "SEEMAN, Tarvo"]
[Black "HAAVAMAE, Henrik"]
[Result "0-1"]
[LiveChessVersion "1.3.1"]
[BlackElo "1902"]
[WhiteElo "2386"]

1. Nf3 {[%clk 0:05:58]} Nf6 {[%clk 0:13:56]} 2. g3 {[%clk 0:05:57]} b6
{[%clk 0:13:55]} 3. Bg2 {[%clk 0:05:56]} Bb7 {[%clk 0:13:54]} 4. O-O
{[%clk 0:05:54]} e6 {[%clk 0:13:48]} 5. d3 {[%clk 0:05:53]} d5 {[%clk 0:13:37]}
6. Nbd2 {[%clk 0:05:52]} Bd6 {[%clk 0:13:14]} 7. e4 {[%clk 0:05:44]} dxe4
{[%clk 0:12:51]} 8. dxe4 {[%clk 0:05:43]} Nbd7 {[%clk 0:12:17]} 9. Qe2
{[%clk 0:05:34]} e5 {[%clk 0:11:44]} 10. b3 {[%clk 0:05:15]} O-O {[%clk 0:11:35]}
11. Bb2 {[%clk 0:05:14]} Re8 {[%clk 0:11:21]} 12. Ne1 {[%clk 0:05:02]} Nc5
{[%clk 0:10:57]} 13. Nd3 {[%clk 0:04:39]} Ba6 {[%clk 0:10:43]} 14. Nc4
{[%clk 0:04:20]} Bxc4 {[%clk 0:09:43]} 15. bxc4 {[%clk 0:04:19]} Na4
{[%clk 0:09:32]} 16. Rab1 {[%clk 0:04:18]} Nxb2 {[%clk 0:09:26]} 17. Rxb2
{[%clk 0:04:16]} Ba3 {[%clk 0:08:51]} 18. Rb3 {[%clk 0:04:09]} Qd6
{[%clk 0:08:40]} 19. f4 {[%clk 0:03:53]} Nd7 {[%clk 0:08:08]} 20. Bh3
{[%clk 0:03:29]} Bc5+ {[%clk 0:07:30]} 21. Kh1 {[%clk 0:03:27]} Rad8
{[%clk 0:06:58]} 22. Bxd7 {[%clk 0:03:19]} Rxd7 {[%clk 0:06:49]} 23. Nxe5
{[%clk 0:03:15]} Rde7 {[%clk 0:06:42]} 24. Rd3 {[%clk 0:02:50]} Qe6
{[%clk 0:06:22]} 25. Re1 {[%clk 0:02:19]} f6 {[%clk 0:06:07]} 26. Nf3
{[%clk 0:02:18]} Qxe4 {[%clk 0:05:28]} 27. Qxe4 {[%clk 0:02:17]} Rxe4
{[%clk 0:05:28]} 28. Rxe4 {[%clk 0:02:15]} Rxe4 {[%clk 0:05:27]} 29. Rd7
{[%clk 0:02:14]} Bd6 {[%clk 0:04:59]} 30. c3 {[%clk 0:01:53]} Rxc4
{[%clk 0:04:51]} 31. Nd4 {[%clk 0:01:52]} Rxc3 {[%clk 0:04:42]} 32. Ne6
{[%clk 0:01:50]} g6 {[%clk 0:04:19]} 33. Rg7+ {[%clk 0:01:46]} Kh8
{[%clk 0:04:19]} 34. Rd7 {[%clk 0:01:45]} Kg8 {[%clk 0:03:51]} 35. Rg7+ Kh8
{[%clk 0:03:48]} 36. Rd7 {[%clk 0:01:42]} h5 {[%clk 0:03:23]} 37. Nd8
{[%clk 0:01:17]} Re3 {[%clk 0:02:35]} 38. Nf7+ {[%clk 0:01:09]} Kg8
{[%clk 0:02:34]} 39. Nxd6 {[%clk 0:01:08]} cxd6 {[%clk 0:02:33]} 40. Rxa7
{[%clk 0:01:04]} d5 {[%clk 0:02:26]} 41. Rd7 {[%clk 0:01:02]} Re1+
{[%clk 0:02:17]} 42. Kg2 Re2+ 43. Kf3 {[%clk 0:00:56]} Rxa2 {[%clk 0:02:15]} 44.
Rxd5 {[%clk 0:00:55]} Kf7 {[%clk 0:02:08]} 45. f5 {[%clk 0:00:47]} Rxh2
{[%clk 0:02:02]} 46. Rd7+ {[%clk 0:00:44]} Ke8 {[%clk 0:01:59]} 47. Rb7
{[%clk 0:00:43]} gxf5 {[%clk 0:01:37]} 48. Rxb6 {[%clk 0:00:42]} Kf7
{[%clk 0:01:35]} 49. Rb8 {[%clk 0:00:40]} Ra2 {[%clk 0:01:30]} 50. Rb5
{[%clk 0:00:38]} Kg6 {[%clk 0:01:28]} 51. Rb8 {[%clk 0:00:37]} Ra3+
{[%clk 0:01:27]} 52. Kf4 {[%clk 0:00:36]} Ra4+ 53. Kf3 Kf7 {[%clk 0:01:21]} 54.
Rb7+ {[%clk 0:00:35]} Ke6 {[%clk 0:01:20]} 55. Rb6+ {[%clk 0:00:34]} Ke5
{[%clk 0:01:19]} 56. Rb5+ {[%clk 0:00:34]} Ke6 57. Rb6+ Kf7 58. Rb7+ Kg6
{[%clk 0:01:13]} 59. Rb8 {[%clk 0:00:33]} Ra7 {[%clk 0:01:10]} 60. Rg8+
{[%clk 0:00:31]} Rg7 {[%clk 0:01:09]} 61. Rh8 {[%clk 0:00:30]} Kg5
{[%clk 0:01:07]} 62. Rc8 {[%clk 0:00:28]} f4 {[%clk 0:00:50]} 63. gxf4+
{[%clk 0:00:27]} Kh4 {[%clk 0:00:49]} 64. Ke4 {[%clk 0:00:24]} Kg4
{[%clk 0:00:44]} 65. Rc1 {[%clk 0:00:19]} f5+ {[%clk 0:00:44]} 66. Ke5
{[%clk 0:00:18]} Re7+ 67. Kf6 Re3 {[%clk 0:00:36]} 68. Rg1+ {[%clk 0:00:15]} Rg3
{[%clk 0:00:35]} 69. Rh1 h4 70. Ke5 {[%clk 0:00:10]} h3 {[%clk 0:00:34]} 71. Kf6
{[%clk 0:00:08]} Kxf4 {[%clk 0:00:32]} 72. Ke6 {[%clk 0:00:07]} Kg4
{[%clk 0:00:31]} 0-1

[Event "2012"]
[Site "Pyhajarve"]
[Date "2012.11.23"]
[Round "2.1"]
[White "SHORT, Nigel"]
[Black "OTSMANN, Villu"]
[Result "1-0"]
[LiveChessVersion "1.3.1"]
[BlackElo "1800"]
[WhiteElo "2702"]

1. e4 {[%clk 0:01:59]} e5 {[%clk 0:17:59]} 2. Nf3 {[%clk 0:01:58]} Nf6
{[%clk 0:17:58]} 3. Nxe5 {[%clk 0:01:57]} d6 {[%clk 0:17:57]} 4. Nf3
{[%clk 0:01:55]} Nxe4 {[%clk 0:17:55]} 5. Bd3 {[%clk 0:01:55]} Nc5
{[%clk 0:17:50]} 6. Be2 {[%clk 0:01:54]} Be7 {[%clk 0:17:47]} 7. O-O
{[%clk 0:01:53]} O-O {[%clk 0:17:45]} 8. d4 {[%clk 0:01:52]} Ne4 {[%clk 0:17:35]}
9. c4 {[%clk 0:01:51]} c6 {[%clk 0:17:22]} 10. Bd3 {[%clk 0:01:47]} d5 11. Re1 f5
{[%clk 0:15:59]} 12. Nc3 {[%clk 0:01:44]} Bh4 {[%clk 0:15:06]} 13. g3
{[%clk 0:01:42]} Bf6 {[%clk 0:14:57]} 14. Qb3 {[%clk 0:01:41]} Nxc3
{[%clk 0:13:41]} 15. bxc3 {[%clk 0:01:40]} Qb6 {[%clk 0:13:22]} 16. cxd5
{[%clk 0:01:37]} Qxb3 {[%clk 0:13:15]} 17. axb3 {[%clk 0:01:36]} cxd5
{[%clk 0:13:09]} 18. Ba3 {[%clk 0:01:33]} Rd8 {[%clk 0:12:47]} 19. Ne5
{[%clk 0:01:32]} Nc6 {[%clk 0:12:09]} 20. Nxc6 {[%clk 0:01:31]} bxc6
{[%clk 0:12:04]} 21. Be7 {[%clk 0:01:29]} Bxe7 {[%clk 0:09:07]} 22. Rxe7
{[%clk 0:01:29]} Bd7 {[%clk 0:08:47]} 23. b4 {[%clk 0:01:28]} Kf8
{[%clk 0:08:09]} 24. Re2 {[%clk 0:01:27]} Rdb8 {[%clk 0:06:55]} 25. Re5
{[%clk 0:01:26]} g6 {[%clk 0:06:50]} 26. f4 {[%clk 0:01:25]} Re8 {[%clk 0:06:45]}
27. Kf2 {[%clk 0:01:24]} Re7 {[%clk 0:05:51]} 28. Ke3 {[%clk 0:01:24]} Kf7
{[%clk 0:05:31]} 29. Kd2 {[%clk 0:01:23]} Be6 {[%clk 0:04:52]} 30. Ra6
{[%clk 0:01:21]} Rc7 {[%clk 0:04:45]} 31. Re1 {[%clk 0:01:19]} Ke7
{[%clk 0:04:34]} 32. c4 {[%clk 0:01:17]} Kd6 {[%clk 0:03:53]} 33. c5+
{[%clk 0:01:16]} Kd7 {[%clk 0:03:27]} 34. b5 {[%clk 0:01:14]} Bf7
{[%clk 0:02:02]} 35. bxc6+ {[%clk 0:01:11]} Rxc6 {[%clk 0:01:58]} 36. Bb5
{[%clk 0:01:10]} Rb8 1-0

[Event "2012"]
[Site "Pyhajarve"]
[Date "2012.11.23"]
[Round "2.2"]
[White "NYBACK, Tomi"]
[Black "SEPP, Olav"]
[Result "0-1"]
[LiveChessVersion "1.3.1"]
[BlackElo "2446"]
[WhiteElo "2631"]

1. d4 {[%clk 0:07:58]} Nf6 {[%clk 0:12:00]} 2. c4 g6 3. Nc3 {[%clk 0:07:55]} Bg7
{[%clk 0:11:59]} 4. e4 {[%clk 0:07:54]} d6 {[%clk 0:11:58]} 5. Nf3
{[%clk 0:07:52]} O-O {[%clk 0:11:57]} 6. Be2 e5 7. Be3 {[%clk 0:07:49]} Na6
{[%clk 0:11:56]} 8. O-O {[%clk 0:07:44]} h6 {[%clk 0:11:56]} 9. d5
{[%clk 0:07:12]} Ng4 {[%clk 0:11:55]} 10. Bd2 {[%clk 0:07:11]} f5
{[%clk 0:11:54]} 11. Ne1 {[%clk 0:06:46]} Nf6 {[%clk 0:11:53]} 12. f3
{[%clk 0:06:45]} fxe4 {[%clk 0:11:49]} 13. fxe4 {[%clk 0:06:27]} Nc5
{[%clk 0:11:49]} 14. Qc2 a5 15. b3 {[%clk 0:06:10]} Bd7 {[%clk 0:11:26]} 16. Be3
{[%clk 0:05:56]} b6 {[%clk 0:11:11]} 17. Bf3 {[%clk 0:05:27]} Ng4
{[%clk 0:10:45]} 18. Bxg4 {[%clk 0:05:14]} Rxf1+ {[%clk 0:10:44]} 19. Kxf1
{[%clk 0:05:08]} Bxg4 {[%clk 0:10:44]} 20. Nd3 {[%clk 0:05:02]} Nxd3
{[%clk 0:10:13]} 21. Qxd3 {[%clk 0:05:00]} Qf6+ {[%clk 0:09:24]} 22. Kg1
{[%clk 0:04:58]} Rf8 {[%clk 0:09:24]} 23. Nb5 {[%clk 0:04:48]} Qe7
{[%clk 0:08:53]} 24. Rf1 {[%clk 0:04:46]} h5 {[%clk 0:08:32]} 25. a3
{[%clk 0:04:35]} Kh7 {[%clk 0:08:30]} 26. Rxf8 {[%clk 0:04:18]} Bxf8
{[%clk 0:08:29]} 27. Qd2 {[%clk 0:04:16]} Bc8 {[%clk 0:08:09]} 28. Bg5
{[%clk 0:04:06]} Qd7 {[%clk 0:08:09]} 29. Qf2 {[%clk 0:03:58]} Bg7
{[%clk 0:08:03]} 30. h3 {[%clk 0:03:50]} Ba6 {[%clk 0:07:54]} 31. Nc3
{[%clk 0:03:48]} Kg8 {[%clk 0:07:44]} 32. a4 {[%clk 0:03:37]} Qe8
{[%clk 0:07:25]} 33. Ne2 {[%clk 0:03:27]} Bc8 {[%clk 0:07:22]} 34. Kh2
{[%clk 0:03:25]} Kh7 {[%clk 0:07:01]} 35. Ng1 {[%clk 0:03:19]} Bd7
{[%clk 0:06:56]} 36. Nf3 {[%clk 0:03:16]} Qf8 {[%clk 0:06:52]} 37. Qh4
{[%clk 0:03:14]} Bh6 {[%clk 0:06:39]} 38. Bd8 {[%clk 0:02:50]} Bf4+
{[%clk 0:06:29]} 39. Kh1 {[%clk 0:02:44]} Kh6 {[%clk 0:05:31]} 40. Qe7
{[%clk 0:01:42]} Qxe7 {[%clk 0:05:27]} 41. Bxe7 {[%clk 0:01:41]} g5
{[%clk 0:05:17]} 42. Bd8 {[%clk 0:01:40]} g4 {[%clk 0:05:16]} 43. hxg4
{[%clk 0:01:38]} hxg4 {[%clk 0:05:14]} 44. Nh2 {[%clk 0:01:19]} Be3
{[%clk 0:05:02]} 45. Bxc7 {[%clk 0:01:16]} Bc5 {[%clk 0:05:01]} 46. g3
{[%clk 0:00:49]} Kh5 {[%clk 0:05:00]} 47. Kg2 Be8 {[%clk 0:04:59]} 48. Nf1 Bg6
49. Nd2 {[%clk 0:00:43]} Bb4 {[%clk 0:04:54]} 50. Nf1 {[%clk 0:00:38]} Bxe4+
{[%clk 0:04:53]} 51. Kf2 {[%clk 0:00:37]} Bc5+ {[%clk 0:04:53]} 52. Ke2
{[%clk 0:00:33]} Bc2 {[%clk 0:04:50]} 53. Nd2 {[%clk 0:00:32]} e4
{[%clk 0:04:47]} 54. Bd8 {[%clk 0:00:30]} e3 {[%clk 0:04:42]} 55. Nf1
{[%clk 0:00:29]} Bxb3 {[%clk 0:04:40]} 56. Nxe3 {[%clk 0:00:27]} Bxa4
{[%clk 0:04:32]} 57. Ng2 {[%clk 0:00:20]} Bb3 {[%clk 0:04:29]} 58. Kd3
{[%clk 0:00:19]} a4 {[%clk 0:04:24]} 59. Kc3 {[%clk 0:00:18]} Bd1
{[%clk 0:04:08]} 60. Nf4+ {[%clk 0:00:17]} Kh6 {[%clk 0:04:07]} 61. Ne6
{[%clk 0:00:16]} Bf2 {[%clk 0:04:04]} 62. Bg5+ {[%clk 0:00:15]} Kg6
{[%clk 0:04:00]} 63. Bf4 {[%clk 0:00:14]} a3 {[%clk 0:03:40]} 64. Bxd6
{[%clk 0:00:13]} a2 {[%clk 0:03:39]} 65. Kb2 {[%clk 0:00:12]} Bb3
{[%clk 0:03:29]} 66. c5 {[%clk 0:00:10]} bxc5 {[%clk 0:03:18]} 67. Nxc5
{[%clk 0:00:08]} Bxd5 {[%clk 0:03:16]} 68. Nd3 {[%clk 0:00:08]} Bd4+
{[%clk 0:03:14]} 0-1

[Event "2012"]
[Site "Pyhajarve"]
[Date "2012.11.23"]
[Round "2.3"]
[White "MIEZIS, Normunds"]
[Black "LAPIDUS, Mark"]
[Result "1-0"]
[LiveChessVersion "1.3.1"]
[BlackElo "2298"]
[WhiteElo "2512"]

1. c4 {[%clk 0:07:58]} c5 {[%clk 0:11:59]} 2. g3 {[%clk 0:07:54]} Nf6
{[%clk 0:11:57]} 3. Bg2 {[%clk 0:07:51]} d5 {[%clk 0:11:55]} 4. cxd5
{[%clk 0:07:48]} Nxd5 {[%clk 0:11:53]} 5. Nc3 {[%clk 0:07:46]} Nc7
{[%clk 0:11:35]} 6. d3 {[%clk 0:07:42]} e5 {[%clk 0:11:29]} 7. Nf3
{[%clk 0:07:39]} Nc6 {[%clk 0:11:27]} 8. O-O {[%clk 0:07:35]} Be7
{[%clk 0:11:25]} 9. Nd2 {[%clk 0:07:30]} O-O {[%clk 0:11:14]} 10. Nc4
{[%clk 0:07:27]} f6 {[%clk 0:11:06]} 11. a4 {[%clk 0:07:24]} Be6 {[%clk 0:10:56]}
12. Bd2 {[%clk 0:07:09]} Rb8 {[%clk 0:10:47]} 13. a5 {[%clk 0:07:02]} Nd4
{[%clk 0:10:38]} 14. h3 {[%clk 0:06:25]} b5 {[%clk 0:10:31]} 15. axb6
{[%clk 0:06:22]} axb6 {[%clk 0:10:30]} 16. Kh2 {[%clk 0:06:09]} b5
{[%clk 0:09:58]} 17. Na5 {[%clk 0:06:07]} b4 {[%clk 0:09:56]} 18. Ne4
{[%clk 0:05:53]} Qd7 {[%clk 0:09:21]} 19. e3 {[%clk 0:05:30]} Nf5
{[%clk 0:09:09]} 20. Qc2 {[%clk 0:05:25]} b3 {[%clk 0:08:53]} 21. Qc1
{[%clk 0:05:17]} Qxd3 {[%clk 0:08:17]} 22. Nc6 {[%clk 0:05:05]} Rbe8
{[%clk 0:06:31]} 23. Nxe7+ {[%clk 0:04:55]} Nxe7 {[%clk 0:06:27]} 24. Nxc5
{[%clk 0:04:43]} Qd6 {[%clk 0:06:05]} 25. Rd1 {[%clk 0:04:19]} Rd8
{[%clk 0:05:14]} 26. Nb7 {[%clk 0:03:59]} Qd7 {[%clk 0:05:03]} 27. Nxd8
{[%clk 0:03:56]} Rxd8 {[%clk 0:05:02]} 28. Ra7 {[%clk 0:03:47]} Rc8
{[%clk 0:04:29]} 29. Ba5 {[%clk 0:03:42]} Ne8 {[%clk 0:03:10]} 30. Rdxd7
{[%clk 0:03:29]} 1-0